Production planning and inventory control (Record no. 77239)

MARC details
000 -LEADER
fixed length control field 00882nam a2200181 a 4500
008 - FIXED-LENGTH DATA ELEMENTS--GENERAL INFORMATION
fixed length control field 120416s1995 ||||||||||||||||| || u
020 ## - INTERNATIONAL STANDARD BOOK NUMBER
International Standard Book Number 8120311388
050 ## - LIBRARY OF CONGRESS CALL NUMBER
Classification number TS 181 Nar
100 ## - MAIN ENTRY--PERSONAL NAME
Personal name Narasimhan, S. L
245 10 - TITLE STATEMENT
Title Production planning and inventory control
250 ## - EDITION STATEMENT
Edition statement 2nd ed.
260 ## - PUBLICATION, DISTRIBUTION, ETC.
Place of publication, distribution, etc. New Delhi
Name of publisher, distributor, etc. Prentice-Hall of India
Date of publication, distribution, etc. 1995
350 ## -
-- 0.00
700 ## - ADDED ENTRY--PERSONAL NAME
Personal name Billington, P. J
995 ## -
-- MAIN LIBRARY OPEN ACCESS
-- 0.00
-- 732165
-- CBU-MAIN LIBRARY (Kitwe)
-- 1
-- 45.00
-- TS 181 Nar
-- 1
-- AVAILABLE
-- 44589
-- Main Library Open Access Collection
995 ## -
-- ANNEX COLLECTION (Main Library)
-- 0.00
-- 732166
-- CBU-MAIN LIBRARY (Kitwe)
-- 3
-- 45.00
-- TS 181 Nar
-- 3
-- AVAILABLE
-- Apr 3, 2007
-- 44592
-- Annex Low-Usage Collection
995 ## -
-- MAIN LIBRARY OPEN ACCESS
-- 0.00
-- 732164
-- CBU-MAIN LIBRARY (Kitwe)
-- 2
-- 45.00
-- TS 181 Nar
-- 2
-- AVAILABLE
-- 44590
-- Main Library Open Access Collection
999 ## -
-- 77239
-- 77239
Holdings
Withdrawn status Lost status Source of classification or shelving scheme Damaged status Not for loan Permanent Location Current Location Shelving location Date acquired Total Checkouts Full call number Barcode Date last seen Copy number Price effective from Koha item type
          CBU-MAIN LIBRARY, KITWE. CBU-MAIN LIBRARY, KITWE.   04/25/2023   TS 181 Nar 44589 04/25/2023 1 04/25/2023 MONOGRAPH
          CBU-MAIN LIBRARY, KITWE. CBU-MAIN LIBRARY, KITWE.   04/25/2023   TS 181 Nar 44592 04/25/2023 2 04/25/2023 MONOGRAPH
          CBU-MAIN LIBRARY, KITWE. CBU-MAIN LIBRARY, KITWE.   04/25/2023   TS 181 Nar 44590 04/25/2023 3 04/25/2023 MONOGRAPH